| 000 | 01148nam a2200277 i 4500 | ||
|---|---|---|---|
| 001 | bg | ||
| 245 | 0 |
_aKomputerowo wspomagany controlling w małych i średnich przedsiębiorstwach : _bpraca zbiorowa / _cpod red. Paula Dietera Kluge ; przy współaut. Sławomira Kalugi [et al.] ; Politechnika Zielonogórska. Instytut Informatyki i Zarządzania. |
|
| 260 |
_aZielona Góra : _bOficyna Wydawnicza Politechniki Zielonogórskiej, _c2001. |
||
| 300 |
_a116 s. ; _c24 cm + _eCD ROM. |
||
| 490 | 1 | _aWydawnictwa Instytutu Informatyki i Zarządzania | |
| 650 | 9 |
_aPrzedsiębiorstwa małe i średnie _xekonomika |
|
| 650 | 9 |
_aPrzedsiębiorstwa małe i średnie _xzarządzanie |
|
| 650 | 9 | _aControlling | |
| 655 | _aPodręczniki akademickie | ||
| 700 | 1 |
_aKLUGE, Paul Dieter. _eRed. |
|
| 700 | 1 | _aKALUGA, Sławomir | |
| 710 | 0 |
_aPolitechnika Zielonogórska _bInstytut Informatyki i Zarządzania |
|
| 830 | _aWydawnictwa Instytutu Informatyki i Zarządzania | ||
| 020 | _a838591157X | ||
| 040 | _cBPK | ||
| 041 | 0 | _apol | |
| 080 | _a658.1/.5.012(075.8) | ||
| 920 | _a83-85911-57-X | ||
| 942 | _cKS | ||
| 008 | s pl f |000 0 pol | ||
| 999 |
_c42630 _d42630 |
||
| 856 |
_uhttp://koha.tu.koszalin.pl/cgi-bin/koha/opac-detail.pl?biblionumber=42630 _yKatalog online BPK |
||